000 01337nam a2200337Ia 4500
001 ebr10662916
003 CaPaEBR
006 m u
007 cr cn|||||||||
008 091022s2009 nyu sb 001 0 eng d
010 _z 2009517240
020 _z1606928058 (pbk.)
020 _z9781606928059 (pbk.)
020 _z9781612098517
040 _aCaPaEBR
_cCaPaEBR
035 _a(OCoLC)699510396
050 1 4 _aKFA1653.8.A73
_bA753 2009eb
082 0 4 _a333.823214
_223
245 0 0 _aArctic National Wildlife Refuge
_h[electronic resource] :
_bissues and legislation /
_cSarah I. Billingshouse, editor.
260 _aNew York :
_bNova Science Publishers,
_cc2009.
300 _ax, 82 p.
504 _aIncludes bibliographical references and index.
533 _aElectronic reproduction.
_bPalo Alto, Calif. :
_cebrary,
_d2013.
_nAvailable via World Wide Web.
_nAccess may be limited to ebrary affiliated libraries.
650 0 _aWildlife refuges
_xLaw and legislation
_zAlaska.
650 0 _aOil and gas leases
_zAlaska.
651 0 _aArctic National Wildlife Refuge (Alaska)
655 7 _aElectronic books.
_2local
700 1 _aBillingshouse, Sarah I.
710 2 _aebrary, Inc.
856 4 0 _uhttp://site.ebrary.com/lib/rucke/Doc?id=10662916
_zAn electronic book accessible through the World Wide Web; click to view
999 _c68851
_d68851